01471nam a2200325 i 4500001000700000003000900007005001700016008004100033017001600074020001800090040002300108080002500131245017900156260005300335300002400388490003300412500011300445650005200558650002800610700005400638700004700692700004400739700005100783700004500834830004100879852006400920942001800984999001901002952012401021195768ES-MaACL20250818234635.0240714s2007 sp ||||| |||| 00| 0 spa d aSA 668-2007 a9788481024654 cES-MaACLaES-MaACL a76(460)"19"(083.824) aEl movimiento Estampa Popular en la Colección UC de Arte Gráfico /cFederico Gutiérrez-Solana Salcedo, Clemente Barrena, Javier Gómez Martínez, Francisco Álvarez. a[Santander] ;bUniversidad de Cantabria, c2007. a66 pág. :c24 cm.1 aSerie Memoria Gráfica ;v2 aExposición en el Paraninfo de la Universidad de Cantabria del 21 de septiembre al 10 de noviembre de 2007. 79162661aGrabado español-yS.XX-vExposiciones 7aEstampa popular9239633 aGutiérrez-Solana Salcedo, Federicoeaut92396351 aBarrena, Clemente,d1959-2011eaut9144203 9225434aGómez Martínez, Javiereaut1 9171346aÁlvarez, Francisco, d1936-2024eill1 aGarcía Gutiérrez, Nuriaeaut9239636 0aSerie Memoria Gráfica ;v29239634 aES-MaACLcDEPOJjN-8781xEncuadernación rústica9203892 n0cMONOGRAFIA c195768d195768 00102udc4070aATENEOMbATENEOMcDEPOJd2024-07-14l0oN-8781p101229447r2024-07-14 00:00:00w2024-07-14yMONOGRAFIA